| 000 | 00874nam a22002417a 4500 | ||
|---|---|---|---|
| 999 |
_c22461 _d22461 |
||
| 003 | AR-CdUCM | ||
| 008 | 190319b ||||| |||| 00| 0 spa d | ||
| 020 | _a9786124275036 | ||
| 040 |
_aMUNICIPALIDAD PROVINCIAL DEL CUSCO _cBIBLIOTECA MUNICIPAL DEL CUSCO |
||
| 082 |
_a658.4062/C559 _bC559 |
||
| 100 |
_aChiu Werner, Alexander _948249 |
||
| 245 |
_aRevolución.pe : _bla transformación digital de once empresas en el Perú / _cAlexander Chiu Werner y David Reyes Zamora |
||
| 260 |
_alima : _bConecta, _c2020. |
||
| 300 |
_a123 páginas. : _bilustraciones, diagramas ; _c23 cm. |
||
| 500 | _zBibliografía: páginas 122-123. | ||
| 650 |
_aEmpresas _95583 |
||
| 650 |
_aInnovaciones tecnológicas _948250 |
||
| 650 |
_aAptitud creadora en los negocios _945666 |
||
| 650 |
_aPerú _948251 |
||
| 700 |
_aReyes Zamora, David _948252 |
||
| 942 |
_2ddc _cLIBROS |
||
| 945 | _arac | ||